000 00350nam a22001697a 4500
003 UA-OsUOA
001 3485
007 ta
008 20050721b un ||||| |||| 00| 0 ukr d
100 _aThornton
700 _aA. P.
942 _cBK
040 _aUA-OsUOA
_cUA-OsUOA
_dUA-OsUOA
245 _aDoctrines of Imperialism
955 _a2
650 7 _2UDC
999 _c289647
_d289647